00358nam a22001337a 450000500170000000800410001704100130005808200150007110000130008624500650009926000100016430000250017465000250019920231121073500.0231121b |||||||| |||| 00| 0 eng d aEnglish  a342.9 LOC  lEnglish  aLocal Government and Property Rates : bSatellite Broadcast  c2002  b55 pages c30,3 cm.  aLegal practice bLaw